| 000 | 00457nam a2200145Ia 4500 | ||
|---|---|---|---|
| 008 | 231129s2007||||xx |||||||||||||| ||spa|| | ||
| 020 | _a978-958-701-801-1 | ||
| 040 | _bspa | ||
| 082 | _a724.6 U42s | ||
| 100 | _aUlloa Miguel | ||
| 245 | 0 | _aSerrano empírico: Tras las huellas del otro Serrano en su casa de 1951 | |
| 260 | _c2007 | ||
| 264 | _aUniversidad Nacional de Colombia. Facultad de Artes | ||
| 942 |
_2ddc _cBKS |
||
| 999 |
_c24510 _d24510 |
||